| 000 | 00640nam a2200265Ia 4500 | ||
|---|---|---|---|
| 008 | 181129s9999 xx 000 0 und d | ||
| 020 | _a9780545699884 | ||
| 050 | _bJ324 2012+Z206D205:AE205 | ||
| 100 | _aJamieson, Victoria | ||
| 245 | 0 | _aOlympig! : | |
| 245 | 4 | _bthe triumphant story of an underdog / | |
| 245 | 0 | _cby Victoria Jamieson. | |
| 260 | _aNew York, NY : | ||
| 260 | _bScholastic, | ||
| 260 | _c2012 | ||
| 300 | _aunpaged : | ||
| 300 | _bcolor illustrations ; | ||
| 300 | _c23cm. | ||
| 500 | _a510L | ||
| 650 | _aAthletes. | ||
| 650 | _aOlympics. | ||
| 650 | _aPig. | ||
| 650 | _aSwin. | ||
| 700 | _aTitle. | ||
| 999 |
_c359995 _d359995 |
||